000 00573nam a2200217Ia 4500
003 OSt
005 20221007082240.0
006 a|||||r|||| 00| 0
007 ta
008 221006b |||||||| |||| 00| 0 eng d
024 _a548
037 _cReference Collections
040 _aFLL
_cFLL
_beng
041 _2eng
_aeng
082 _aV2:25:9Z, L1;1
245 0 _aFundamental rights and constitutional amendment
300 _a740p
_ccm.
650 _aFundamental rights
942 _hV2:25:9Z, L1;1
_cREF
_2CC
999 _c1165823
_d1165823